Nomes mais populares em Portugal (2025) - Statistics

Estatísticas Gerais
  • Esse quiz foi jogado 107 vezes
  • A pontuação média é 9 de 20
Estatísticas das Respostas
Nº de registos Resposta % Correto
1095 João
95%
4791 Maria
93%
1495 Francisco
67%
928 Miguel
56%
714 Carolina
54%
896 Gabriel
53%
1226 Afonso
51%
692 Francisca
51%
1047 Matilde
48%
1318 Tomás
48%
1146 Leonor
47%
1195 Alice
41%
1087 Lourenço
39%
980 Martim
38%
963 Benedita
34%
1256 Duarte
33%
1201 Vicente
31%
722 Olívia
26%
703 Camila
20%
874 Aurora
19%
Nenhum quiz correspondente encontrado
Distribuição das Pontuações
Porcentagem de Pessoas com Cada Pontuação
Percentil de Números Respondidos
Sua Pontuação Histórica
Você não jogou esse quiz